Leasehold retirement housing (Record no. 112347)

MARC details
000 -LEADER
fixed length control field 00918cad a22002175a 4500
001 - CONTROL NUMBER
control field L153047
008 - FIXED-LENGTH DATA ELEMENTS--GENERAL INFORMATION
fixed length control field 110527s2011 xxk f 000 0 eng d
035 ## - SYSTEM CONTROL NUMBER
System control number (Sirsi) u153047
041 0# - LANGUAGE CODE
Language code of text/sound track or separate title eng
050 04 - LIBRARY OF CONGRESS CALL NUMBER
Classification number 346.4104346
110 2# - MAIN ENTRY--CORPORATE NAME
Corporate name or jurisdiction name as entry element Leasehold Advisory Service
9 (RLIN) 3510
245 00 - TITLE STATEMENT
Title Leasehold retirement housing
Remainder of title your rights and responsibilities
260 ## - PUBLICATION, DISTRIBUTION, ETC.
Place of publication, distribution, etc. London
Name of publisher, distributor, etc. LEASE
Date of publication, distribution, etc. [2011?]
520 ## - SUMMARY, ETC.
Summary, etc. Guidance for leaseholders living in retirement housing schemes. It is intended to provide a guide to the various procedures available to remedy problems with the management of the scheme.
590 ## - LOCAL NOTE (RLIN)
Local note KA
651 #4 - SUBJECT ADDED ENTRY--GEOGRAPHIC NAME
Geographic name ENGLAND AND WALES
710 1# - ADDED ENTRY--CORPORATE NAME
Corporate name or jurisdiction name as entry element Advice Information and Mediation Service
710 1# - ADDED ENTRY--CORPORATE NAME
Corporate name or jurisdiction name as entry element Association of Retirement Housing and Managers
856 40 - ELECTRONIC LOCATION AND ACCESS
Uniform Resource Identifier <a href="https://www.lease-advice.org/publications/documents/document.asp?item=22#26">https://www.lease-advice.org/publications/documents/document.asp?item=22#26</a>
Public note View the item free of charge at www.lease-advice.org
942 ## - ADDED ENTRY ELEMENTS (KOHA)
Suppress in OPAC 0
Holdings
Withdrawn status Lost status Source of classification or shelving scheme Damaged status Not for loan Home library Current library Shelving location Date acquired Total Checkouts Full call number Barcode Date last seen Copy number Price effective from Koha item type
    Dewey Decimal Classification     Virtual Virtual Online 27/05/2011   ONLINE PUBLICATION 153047-2001 06/08/2019 1 06/08/2019 Book